00966nas a2200289Ia 4500001002100000003001000021008004100031040002500072041001300097100001400110210002700124222002700151240002300178245002300201250001100224260000900235501012300244300000900367362001700376500003400393650002300427700001100450942000700461957000600468999003100474952017100505db2-417 [d000000316]IT-MiCISF161014c99999999xx |||||||||||| ||und|| aIT-MiCISFcIT-MiCISF aFRANCESE aRoy David aProspective et santé aProspective et santé aDe la bioéthique 0aDe la bioéthique a1a ed. c1980 bCISF - Centro Internazionale Studi Famiglia - Via Giotto, 36 20145 MILANO (non commercial uses only)cCopyright 2016 ap. 7 a n. 5 [1980] a Tema: bioetica, legislazione aBIOETICAvarticolo aAA.VV. cCR 71 a417bSig1c220737d220737 0010406DB_2417_D00000031671aCISFbCISFd2016-10-14l0odb2-417 [d000000316]r2016-10-14 00:00:00w2016-10-14yCRzData import 15.10.2016 / by Epidotti, Vaglietti